| 000 | 00463nam a2200157Ia 4500 | ||
|---|---|---|---|
| 003 | GCL | ||
| 008 | 140319s9999 xx 000 0 eng d | ||
| 040 |
_aGCL / _cGCL |
||
| 082 | 0 | 4 |
_a410.9 _bL H |
| 100 | 1 | _aLEPSCHY, GIULIO C. | |
| 245 | 1 | 0 |
_a"HISTORY OF LINGUISTICS: VOL""1"" THE EASTERN TRADITIONS OF LINGUISTICS" / _cLEPSCHY, GIULIO C. |
| 260 |
_a[S.N] : _bLONGMAN GROUP UK LIMITED ، _c1993 |
||
| 650 | 0 | 4 | _aLINGUISTICS |
| 650 | 0 | 4 | _aHISTORY |
| 942 |
_2ddc _cBK |
||
| 999 |
_c23490 _d23490 |
||